000 00332nam a2200145Ia 4500
008 230312s9999||||xx |||||||||||||| ||und||
020 _a1-906155-70-4
082 _a720.922
_bJOH-C
100 _aJohn;Miller
245 0 _aCustom And Innovation
260 _bBlackdog
_aUK
300 _a303
650 _aArchitecture
942 _cBK
999 _c11995
_d11995